000 00402nam a2200145 a 4500
001 000034781
005 20200930073911.0
008 111019s1958 enka 000 0 fre d
040 _aDO-SdBNP
_bspa
_cBNPHU
082 _axxx
_bT188
100 1 _aTarlé, E.
_960273
245 1 0 _aTalleyrand /
_cE. Tarlé.
260 _aMoscou :
_bEditions en Langues Etrangeres,
_c1958.
300 _a343 p. :
_bil. ;
_c21 cm.
999 _c34272
_d34272